| 000 | 01301nam0a2200337 4500 | ||
|---|---|---|---|
| 001 | RU\NLR\ONL2\26625 | ||
| 005 | 20250613224513.0 | ||
| 010 |
_a978-5-85524-462-5 _91000 |
||
| 035 | _a(NLR Aleph) 010213579 | ||
| 090 |
_a10285324 _c10285324 |
||
| 100 | _a20130617d2013 |||y0rusy50 ca | ||
| 101 | 0 |
_aalt _brus _cheb |
|
| 102 | _aRU | ||
| 105 | _ab ||||||||| | ||
| 200 | 1 |
_aЭртеги Кереес Моисейдин баштапкы бичиги. Башталганы _f[чыгараачы ред. К. Пиянтинова] |
|
| 210 |
_aСПб. _cРоссиядагы библей биригӱ _d2013 |
||
| 215 |
_a127 с. _cкарты _d20 |
||
| 225 | 1 | _aРоссиянын калыктарынын тилине Агару Бичиктин кӧчӱриштери | |
| 300 | _aЗагл обл.: Баштаганы | ||
| 512 | 1 | _aБашталганы | |
| 541 | 1 |
_aБытие. Первая книга Моисея _zrus |
|
| 605 |
_aБиблия _iВетхий Завет _91024157 _3RU\NLR\AUTH\6674151 |
||
| 686 | 1 | _aЭ37-21 | |
| 702 | 1 |
_aПиянтинова _bК. _gКлавдия _4340 |
|
| 801 | 0 |
_aRU _bNLR _c20130617 _gPSBO |
|
| 852 |
_aNLR _bОНЛ _jАлт./2-963 |
||
| 942 | _cBOOK | ||
| 980 | _aNB | ||
| 980 | _aONL_RF | ||